Loading...

പരീക്ഷകളിൽ ഉന്നത വിജയം നേടാൻ

Bibliographic Details
Main Author: Vijayan, P P
Format: Printed Book
Published: Thiruvananthapuram Mind Care Books 2015
Edition:3
Subjects:
LEADER 00715nam a22002177a 4500
003 OSt
020 |a 9788193130438 
082 |a 158.1  |b VIJ/PA 
100 |a Vijayan, P P 
245 |a പരീക്ഷകളിൽ ഉന്നത വിജയം നേടാൻ  
250 |a 3 
260 |a Thiruvananthapuram  |b Mind Care Books  |c 2015 
300 |a 235p 
500 |a Pareekshakalil unnatha vijayam nedan 
534 |n 2014 
546 |a Malayalam 
650 |a Self Help 
650 |a Learning 
942 |2 ddc  |c BK 
999 |c 156795  |d 156795 
952 |0 0  |1 0  |2 ddc  |4 0  |6 158_100000000000000_VIJPA  |7 0  |8 Gen  |9 156019  |a KAUCLV  |b KAUCLV  |c GENERAL  |d 2017-07-20  |g 250.00  |l 3  |m 2  |o 158.1 VIJ/PA  |p 225968  |r 2019-09-20  |s 2019-09-20  |w 2017-07-20  |y BK